Statistiques concernant Focus sur: Gorbadoc Brandebouc - Tolkien

Cliquez ici pour prendre le quiz!

Statistiques générales

  • Ce quiz a été pris 2 fois
  • Le résultat moyen est 4 sur 19

Statistiques - réponses

Informations recherchéesRéponses% Correct
ContréeComté
100%
EspèceHobbit
100%
Age durant lequel il vécutTroisième
100%
VilleChâteau-Brande
50%
Première mentionLe Seigneur des Anneaux: La Communauté de l'Anneau
50%
MèreAdaldrida Bolger
0%
FillesAmaranthe
0%
Asphodèle
0%
Autre traduction du nomBrandibouc
0%
Dinodas
0%
Dodinas
0%
Autre traduction du surnomLarge-panse
0%
SurnomLe {Bedonnant}
0%
PèreMarmadoc Brandebouc
0%
EpouseMirabella Touque
0%
FrèreOrgulas Brandebouc
0%
Primula
0%
FilsRorimac
0%
Saradas
0%

Distribution des résultats

Percentile par nombre de réponses

% des personnes avec chaque résultat

Votre développement - résultats

Vous n’avez pas pris ce quiz